<?xml version="1.0" encoding="UTF-8"?>
<record
    xmlns:xsi="http://www.w3.org/2001/XMLSchema-instance"
    xsi:schemaLocation="http://www.loc.gov/MARC21/slim http://www.loc.gov/standards/marcxml/schema/MARC21slim.xsd"
    xmlns="http://www.loc.gov/MARC21/slim">

  <leader>01808nam a22002777a 4500</leader>
  <controlfield tag="003">OSt</controlfield>
  <controlfield tag="005">20220331093525.0</controlfield>
  <controlfield tag="008">100322s2020    dr    ac     000 0 spa d</controlfield>
  <datafield tag="020" ind1=" " ind2=" ">
    <subfield code="a">9789945612295</subfield>
  </datafield>
  <datafield tag="040" ind1=" " ind2=" ">
    <subfield code="a">DO-SdBNP</subfield>
    <subfield code="b">spa</subfield>
    <subfield code="c">BNPHU</subfield>
  </datafield>
  <datafield tag="082" ind1=" " ind2="4">
    <subfield code="a">372.6</subfield>
    <subfield code="b">O68i</subfield>
    <subfield code="2">22</subfield>
  </datafield>
  <datafield tag="110" ind1="1" ind2=" ">
    <subfield code="a">Organizaci&#xF3;n de Estados Iberoamericanos para la Educaci&#xF3;n, la Ciencia y la Cultura</subfield>
    <subfield code="9">29137</subfield>
  </datafield>
  <datafield tag="245" ind1="1" ind2="0">
    <subfield code="a">Informe de sistematizaci&#xF3;n del Plan Nacional de Alfabetizaci&#xF3;n Quisqueya Aprende Contigo /</subfield>
    <subfield code="c">Mar&#xED;a del Pilar Gonz&#xE1;lez ; coordinadora general Rita Monte de Ocas.</subfield>
  </datafield>
  <datafield tag="260" ind1=" " ind2=" ">
    <subfield code="a">Santo Domingo :</subfield>
    <subfield code="b">Organizaci&#xF3;n de Estados Iberoamericanos para la Educaci&#xF3;n la Ciencia y la Cultura (OEI),</subfield>
    <subfield code="b">Direcci&#xF3;n General de Programas Especiales de la Presidencia (DIGEPEP)</subfield>
    <subfield code="c">2020.</subfield>
  </datafield>
  <datafield tag="300" ind1=" " ind2=" ">
    <subfield code="a">110 p. :</subfield>
    <subfield code="b">il., fots., gr&#xE1;fcs., retrs.,</subfield>
    <subfield code="c">28 cm.</subfield>
  </datafield>
  <datafield tag="490" ind1=" " ind2=" ">
    <subfield code="a">Quisqueya aprende contigo </subfield>
  </datafield>
  <datafield tag="504" ind1=" " ind2=" ">
    <subfield code="a">Bibliograf&#xED;a : p. 107-110 </subfield>
  </datafield>
  <datafield tag="505" ind1="0" ind2=" ">
    <subfield code="t">Prefacio (Mariano Jabonero) --</subfield>
    <subfield code="t"> Lista de abreviaturas --</subfield>
    <subfield code="t">Introducci&#xF3;n: del despliegue a la intervenci&#xF3;n personalizada -- </subfield>
    <subfield code="g">Cap&#xED;tulo 1 --</subfield>
    <subfield code="t">Del dise&#xF1;o a la implementaci&#xF3;n del plan: fases y niveles -- </subfield>
    <subfield code="g">Cap&#xED;tulo 2 --</subfield>
    <subfield code="t">Despliegues y procesos -- </subfield>
    <subfield code="g">Cap&#xED;tulo 3 --</subfield>
    <subfield code="t">El relato institucional, la voz de los protagonistas --</subfield>
    <subfield code="g">Cap&#xED;tulo 4 --</subfield>
    <subfield code="t"> Alcance y l&#xED;mites de los resultados -- </subfield>
    <subfield code="g">Cap&#xED;tulo 5 --</subfield>
    <subfield code="t">Nuevos puntos de partida para nuevos puntos de llegada -- </subfield>
    <subfield code="t">A modo de cierre: Cuando la conclusi&#xF3;n se convierte en introducci&#xF3;n -- </subfield>
    <subfield code="t">Bibliograf&#xED;a .</subfield>
  </datafield>
  <datafield tag="590" ind1=" " ind2=" ">
    <subfield code="a">Inventariado, 2021/ YL</subfield>
  </datafield>
  <datafield tag="650" ind1=" " ind2="4">
    <subfield code="a">Alfabetizaci&#xF3;n (Educaci&#xF3;n)</subfield>
    <subfield code="9">77100</subfield>
  </datafield>
  <datafield tag="650" ind1=" " ind2="4">
    <subfield code="a">Pol&#xED;tica educativa</subfield>
    <subfield code="z">Rep&#xFA;blica Dominicana</subfield>
    <subfield code="9">10500</subfield>
  </datafield>
  <datafield tag="700" ind1="1" ind2=" ">
    <subfield code="a">Gonz&#xE1;lez, Mar&#xED;a del Pilar, </subfield>
    <subfield code="9">78177</subfield>
    <subfield code="e">autora</subfield>
  </datafield>
  <datafield tag="700" ind1="1" ind2=" ">
    <subfield code="a">Monte de Ocas,  Rita,</subfield>
    <subfield code="e">coord.</subfield>
    <subfield code="9">206</subfield>
  </datafield>
  <datafield tag="910" ind1=" " ind2=" ">
    <subfield code="a">YL / Validado. Control de calidad MFF</subfield>
  </datafield>
  <datafield tag="942" ind1=" " ind2=" ">
    <subfield code="2">ddc</subfield>
    <subfield code="c">LBS1</subfield>
  </datafield>
  <datafield tag="952" ind1=" " ind2=" ">
    <subfield code="0">0</subfield>
    <subfield code="1">0</subfield>
    <subfield code="2">ddc</subfield>
    <subfield code="5">3</subfield>
    <subfield code="7">0</subfield>
    <subfield code="8">PD</subfield>
    <subfield code="a">BNPHU</subfield>
    <subfield code="b">BNPHU</subfield>
    <subfield code="c">HD</subfield>
    <subfield code="d">2020-11-23</subfield>
    <subfield code="e">Dep&#xF3;sito Legal </subfield>
    <subfield code="l">0</subfield>
    <subfield code="o">BNPHU PD  372.6 O68i</subfield>
    <subfield code="p">2021-1017</subfield>
    <subfield code="r">2021-03-19</subfield>
    <subfield code="w">2021-03-19</subfield>
    <subfield code="y">LBS1</subfield>
  </datafield>
  <datafield tag="952" ind1=" " ind2=" ">
    <subfield code="0">0</subfield>
    <subfield code="1">0</subfield>
    <subfield code="2">ddc</subfield>
    <subfield code="5">1</subfield>
    <subfield code="7">0</subfield>
    <subfield code="8">PD</subfield>
    <subfield code="a">BNPHU</subfield>
    <subfield code="b">BNPHU</subfield>
    <subfield code="c">HD</subfield>
    <subfield code="d">2020-11-23</subfield>
    <subfield code="e">Dep&#xF3;sito Legal </subfield>
    <subfield code="l">0</subfield>
    <subfield code="o">BNPHU PD 372.6 O68i </subfield>
    <subfield code="p">2021-1018</subfield>
    <subfield code="r">2021-03-19</subfield>
    <subfield code="t">e.2</subfield>
    <subfield code="w">2021-03-19</subfield>
    <subfield code="y">LBS1</subfield>
  </datafield>
  <datafield tag="952" ind1=" " ind2=" ">
    <subfield code="0">0</subfield>
    <subfield code="1">0</subfield>
    <subfield code="2">ddc</subfield>
    <subfield code="5">6</subfield>
    <subfield code="7">0</subfield>
    <subfield code="8">DS</subfield>
    <subfield code="a">BNPHU</subfield>
    <subfield code="b">BNPHU</subfield>
    <subfield code="c">HD</subfield>
    <subfield code="d">2020-11-23</subfield>
    <subfield code="e">Dep&#xF3;sito Legal </subfield>
    <subfield code="l">0</subfield>
    <subfield code="o">BNPHU DS 372.6 O68i </subfield>
    <subfield code="p">2022-0941</subfield>
    <subfield code="r">2021-03-19</subfield>
    <subfield code="t">e.3</subfield>
    <subfield code="w">2021-03-19</subfield>
    <subfield code="y">LBS1</subfield>
  </datafield>
  <datafield tag="999" ind1=" " ind2=" ">
    <subfield code="c">49625</subfield>
    <subfield code="d">49625</subfield>
  </datafield>
</record>
